Biblioteca y Centro de Documentación

Vista normal Vista MARC

Entrada Nombre corporativo

Número de registros utilizados en: 1

001 - NÚMERO DE CONTROL

  • Campo de control: 2372

003 - IDENTIFICADOR DE NÚMERO DE CONTROL

  • Campo de control: ES-MaCES

005 - FECHA Y HORA DE LA ULTIMA MODIFICACION

  • Campo de control: 20021011101000.0

008 - ELEMENTOS DE DATOS DE LONGITUD FIJA

  • Campo de longitud fija: 020424 | azznnaabn |n ana d

035 ## - NÚMERO DE CONTROL DEL SISTEMA

  • Número de control del sistema: CES20020000987e

040 ## - FUENTE DE LA CATALOGACIÓN

  • Agencia original de catalogación: ES-MaCES
  • Idioma de catalogación: spa
  • Agencia de transcripción: ES-MaCES

110 2# - ENCABEZAMIENTO--NOMBRE CORPORATIVO

  • Nombre corporativo o de jurisdicción como elemento de entrada: Consejo de Europa
  • Unidad subordinada: Comité de Dirección para la Igualdad entre Hombres y Mujeres
  • Unidad subordinada: Grupo de Especialistas sobre la Acción Positiva en el campo de la Igualdad entre Hombres y Mujeres

670 ## - FUENTE DE DATOS ENCONTRADOS

  • Fuente de citación: CD del CES
  • Información encontrada: : el Grupo de Especialistas ... fue creado en 1998 por El Comité de Dirección para la Igualdad entre Hombres y Mujeres

901 ## - CES. DATOS SIRTEX

  • ID Sirtex (N5N8): 0001800005302
  • 005BIS Sirtex: 200204241123MCASCAL2
© CES, Consejo Económico y Social de España 2021